00453nam a2200145Ia 4500008004100000020001800041041000800059082001300067100003700080245009100117250000600208260006100214300001200275650002000287210716s2007 xx 000 0 und d a9780070620308 aeng a658 KOOH aKoontz, Harold; Weihrich, Heinz. aEssentials of management: an international perspective.bAn international perspective. a7 aNew DelhibTata McGraw Hill Publishing Company Ltdc2007 axxx,475 aManagement(658)